Smallest economically viable block rubber processing unit under Indian conditions (Record no. 68763)

MARC details
000 -LEADER
fixed length control field 00441nam a2200133Ia 4500
100 ## - MAIN ENTRY--AUTHOR NAME
Personal name Nair
245 #0 - TITLE STATEMENT
Title Smallest economically viable block rubber processing unit under Indian conditions
260 ## - PUBLICATION, DISTRIBUTION, ETC. (IMPRINT)
Name of publisher Progress and development of rubber smallholders: Proceedings, Third Seminar, Cochin, 1977
Year of publication 1979
300 ## - PHYSICAL DESCRIPTION
Number of Pages 89-99
700 ## - ADDED ENTRY--PERSONAL NAME
Personal name George P U
700 ## - ADDED ENTRY--PERSONAL NAME
Personal name Thomas E V
942 ## - ADDED ENTRY ELEMENTS (KOHA)
Koha item type Journals
100 ## - MAIN ENTRY--AUTHOR NAME
-- M K B
Holdings
Withdrawn status Lost status Damaged status Not for loan Home library Current library Shelving location Date acquired Koha item type
      Journals RRII Library RRII Library Economics 17/12/2021 Journals